| 000 | 00878cam a22002657a 4500 | ||
|---|---|---|---|
| 001 | 13804140 | ||
| 005 | 20180213032211.0 | ||
| 008 | 041202s2002 mau b 001 0 eng d | ||
| 010 | _a 2004351666 | ||
| 015 | _aGBA2-X2398 | ||
| 020 | _a0738206857 | ||
| 035 | _a(OCoLC)ocm49834163 | ||
| 040 |
_aUKM _cUKM _dKLG _dOCLCQ _dDLC |
||
| 041 | _aeng | ||
| 042 | _alccopycat | ||
| 080 | _a616.890 | ||
| 082 | 0 | 4 |
_a616.890 HOB _221 |
| 100 | 1 | _a7 | |
| 101 | _aNEU | ||
| 245 | 1 | 0 |
_aOut of its mind : _cJ. Allan Hobson & Jonathan A. Leonard. |
| 504 | _aIncludes bibliographical references (p. 271-280) and index. | ||
| 906 |
_a7 _bcbc _ccopycat _d2 _encip _f20 _gy-gencatlg |
||
| 942 |
_2ddc _cBK |
||
| 999 |
_c42324 _d42324 |
||